000 00429nam a22001697a 4500
005 20180411113612.0
008 160503b xxu||||| |||| 00| 0 eng d
020 _a0-19-511589-9
041 _aeng
082 _b1129
_a338.9
100 _aMeier M. Gerald Rauch E. Sames
_9280
245 _aLeading Issues in Economic Development
260 _bOxford University
_c2004
300 _a577
650 _aManagement
_9241
942 _cBK
999 _c437
_d437